Introducción a la genética cuantitativa /

Introducción a la genética cuantitativa, considerada un título clásico de este campo que tiene por objeto el estudio de la herencia de las diferencias entre los individuos, diferencias que son de grado más que de clase, cuantitativas en lugar de cualitativas. Su organización es la siguiente: 1. Cons...

Deskribapen osoa

Gorde:
Xehetasun bibliografikoak
Egile nagusia: Falconer, D.S (autor)
Beste egile batzuk: Mackay, Trudy F.C. (autor) (autor)
Formatua: Liburua
Hizkuntza:gaztelania
Argitaratua: Zaragoza, España : Acribia, 2001, c2001
Gaiak:
Etiketak: Etiketa erantsi
Etiketarik gabe, Izan zaitez lehena erregistro honi etiketa jartzen!

MARC

LEADER 00000nam^a2200000^a^4500
001 000152588
005 20250521000000.0
009 20260310100248.427
020 |a 84-200-0949-0 
037 |a Acervo ITESO - Biblioteca 
041 |a ESP 
082 |a 575. 1  |b FAL 
100 |a Falconer, D.S.  |e (autor) 
245 1 0 |a Introducción a la genética cuantitativa /  |c D.S. Falconer, T.F. Mackay ; tr. por Armando Caballero Rúa... [et al.]. 
264 4 |a Zaragoza, España :  |b Acribia,  |c 2001, c2001 
300 |a XIX, 469 p. 
336 |a texto  |b txt  |2 rdacontenido 
337 |a sin mediación  |b n  |2 rdamedio 
338 |a volumen  |b nc  |2 rdasoporte 
500 |a Traducción de: Introduction to Quantitative Genetics 
520 |a Introducción a la genética cuantitativa, considerada un título clásico de este campo que tiene por objeto el estudio de la herencia de las diferencias entre los individuos, diferencias que son de grado más que de clase, cuantitativas en lugar de cualitativas. Su organización es la siguiente: 1. Constitución genética de una población. 2. Cambios de la frecuencia génica. 3., 4. y 5. Poblaciones pequeñas: cambios de la frecuencia génica en condiciones simplificadas, condiciones menos simplificadas y genealogías y sistemas regulares de consanguinidad. 6. La variación continua. 7. Valores y medidas. 8. Varianza. 9. Parecido entre parientes. 10. Heredabilidad. 11. Selección I: la respuesta y su predicción. 12. Selección II: resultados experimentales. 13. Selección III: información de parientes. 14., 15. y 16. Consanguinidad y cruzamiento: cambios de la media, cambios de la varianza y aplicaciones. 17. Escala. 18. Caracteres umbral. 19. Caracteres correlacionados. 20. La acción de la selección natural sobre los caracteres métricos y 21. Loci de los caracteres cuantitativos. 
649 |a XX 
650 |a Herencia (Biología) 
650 |a Genética Demográfica 
650 |a Demografía 
650 |a Estadística 
650 |a Biología 
700 |a Mackay, Trudy F.C.  |e (autor) 
910 |a Fondo General 
920 |a Impresos - Libros 
930 |a Colección General 
905 |a 101 
901 |a 0500081180  |b IT1  |c ACC  |u 20250521 
902 |a https://opac.biblio.iteso.mx/vufind/Record/000152588